| 000 | 02484nam0a2200433 i 4500 | ||
|---|---|---|---|
| 001 | RU\NLR\BIBL_A\011118401 | ||
| 005 | 20260409065738.0 | ||
| 010 |
_a9785444448175 _9300 |
||
| 021 |
_aRU _b2016-29818 _91924 |
||
| 035 | _a(NILC)RuMoRGB-008279742 | ||
| 035 | _a(NLR Aleph) 011118401 | ||
| 090 |
_a11505954 _c11505954 |
||
| 100 | _a20160504d2016 km y0rusy50 ca | ||
| 101 | 0 | _arus | |
| 102 | _aRU | ||
| 105 | _ay|||z|||000zy | ||
| 200 | 1 |
_aМарксистская социология _e[сборник _fРос. акад. наук, Ин-т социал.-полит. исслед.] |
|
| 210 |
_aМосква _cВече _d2016 |
||
| 215 |
_a431 с. _d22 |
||
| 225 | 1 | _aВехи отечественной социологии | |
| 225 | 1 | _aСоциология в XXI веке | |
| 300 | _aОписано по обл. | ||
| 320 | _aБиблиогр. в подстроч. примеч. | ||
| 327 | 1 | _aНа тит. л. содерж.: Основные вопросы марксистской социологии / С. А. Оранский. Исторический материализм / В. Ж. Келле, М. Я. Ковальзон | |
| 333 | _a16+ | ||
| 464 | 0 |
_12001#$aОсновные вопросы марксистской социологии$fС. А. Оранский _1700#1$aОранский$bС. А.$gСергей Александрович _tОсновные вопросы марксистской социологии _aОранский, Сергей Александрович |
|
| 464 | 0 |
_12001#$aИсторический материализм$fВ. Ж. Келле, М. Я. Ковальзон _1700#1$aКелле$bВ. Ж.$f1920-2010$gВладислав Жанович$3RU\NLR\AUTH\7763050 _1701#1$aКовальзон$bМ. Я.$f1913-1992$gМатвей Яковлевич _tИсторический материализм _aКелле, Владислав Жанович (1920-2010) |
|
| 606 |
_aСоциология марксистская _91256299 _3RU\NLR\AUTH\66515056 |
||
| 606 |
_aИсторический материализм _3RU\NLR\AUTH\6660359 _9998187 |
||
| 675 | _a316 | ||
| 686 | 1 | _aА55 | |
| 686 | 1 | _aС51(0)6-10 | |
| 712 | 0 | 2 |
_4570 _aИнститут социально-политических исследований _cМосква _3RU\NLR\AUTH\888507 _9289462 |
| 801 | 0 |
_aRU _bРГБ _c20160413 _gRCR |
|
| 801 | 1 |
_aRU _bРГБ _c20160413 _2rusmarc |
|
| 942 | _cBOOK | ||
| 980 | _aNBR | ||